| 000 | 00532nam a22002057a 4500 | ||
|---|---|---|---|
| 010 | _aB-316865 | ||
| 020 |
_a9781857434507 _c00.00 |
||
| 035 | _aB-316865 | ||
| 037 | _aCen Lib/Ret | ||
| 040 |
_aDPL _bEN |
||
| 082 |
_a920 _bINT |
||
| 245 | _aThe international who's who 2009 / | ||
| 250 | _a72nd ed | ||
| 260 |
_aLondon _bRoutledge _c 2008 |
||
| 270 | _bLondon | ||
| 300 |
_a2464p. _b30cm. |
||
| 650 | _aBiography -- 21st century -- Dictionaries | ||
| 650 | _aBiography | ||
| 942 |
_2ddc _cEN _h920 _mINT |
||
| 999 |
_c136391 _d136391 |
||